000 00188nam a22000977a 4500
999 _c12505
_d12505
082 _a658.80
100 _aCarvens, Dawid W.
245 _aStrategic Marketing
250 _a10th
942 _cBK